[Event "Guelph Winter Pro Am"]
[Site "Guelph"]
[Date "2005.??.??"]
[Round "4"]
[White "Pushkedra, Frank"]
[Black "Chung, Kevin"]
[Result "1-0"]
[WhiteElo "2279"]
[BlackElo "2029"]
[PlyCount "99"]
[EventDate "2005.??.??"]
[EventType "swiss"]
[EventRounds "5"]
[EventCountry "CAN"]
[SourceTitle "EXT 2006"]
[Source "ChessBase"]
[SourceDate "2005.11.24"]
[SourceVersion "1"]
[SourceVersionDate "2005.11.24"]
[SourceQuality "1"]

1. e4 e6 2. d4 d5 3. Nc3 Bb4 4. e5 c5 5. a3 Bxc3+ 6. bxc3 Ne7 7. a4 Qc7 8. Nf3 0-0 9. Bd3 f5 10. 0-0 Bd7 11. Qd2 b6 12. Qg5 Be8 13. Qh4 Ng6 14. Qg3 Nc6 15. h4 Nh8 16. Ba3 Nd8 17. c4 dxc4 18. Bxc4 Bxa4 19. d5 b5 20. d6 Qc6 21. Bb3 b4 22. Bc1 Bb5 23. Re1 a5 24. c4 bxc3 25. Bh6 Qd7 26. Rac1 a4 27. Ba2 Ng6 28. Be3 f4 29. Qg4 fxe3 30. fxe3 Re8 31. h5 Nh8 32. Rxc3 Rc8 33. Rec1 Nb7 34. Ng5 c4 35. Bb1 g6 36. Ne4 Rf8 37. Nf6+ Rxf6 38. exf6 Qf7 39. e4 Nxd6 40. e5 Nb7 41. Rg3 Be8 42. Rxc4 Rxc4 43. Qxc4 Na5 44. Qc8 Nc6 45. Ba2 Qa7+ 46. Kh2 Kf8 47. Qxe6 Nf7 48. hxg6 hxg6 49. Rh3 Nh6 50. Rxh6 1-0

[Event "Guelph op"]
[Site "Guelph"]
[Date "2002.08.10"]
[Round "7"]
[White "Pushkedra, Frank"]
[Black "Schleifer, Michael"]
[Result "0-1"]
[WhiteElo "2293"]
[BlackElo "2371"]
[PlyCount "78"]
[EventDate "2002.08.07"]
[EventType "swiss"]
[EventRounds "9"]
[EventCountry "CAN"]
[SourceTitle "CBM 089 Extra"]
[Source "ChessBase"]
[SourceDate "2002.09.10"]
[SourceVersion "2"]
[SourceVersionDate "2002.09.10"]
[SourceQuality "1"]

1. e4 d5 2. exd5 Qxd5 3. Nc3 Qd6 4. d4 Nf6 5. Nf3 a6 6. h3 e6 7. Bd3 Be7 8. 0-0 0-0 9. Qe2 Nc6 10. Ne4 Nxd4 11. Nxd4 Qxd4 12. Rd1 Nxe4 13. Bxe4 Qf6 14. c4 Bd6 15. c5 Be7 16. Qc2 h6 17. Be3 c6 18. f4 a5 19. a4 Rd8 20. Rxd8+ Bxd8 21. Rd1 Bc7 22. Qf2 Qe7 23. Bd4 Bd7 24. Qg3 e5 25. fxe5 Be6 26. h4 Rd8 27. Kh1 b6 28. Bc2 bxc5 29. Bc3 Rxd1+ 30. Bxd1 Bd5 31. Bc2 c4 32. Qg4 Be6 33. Qe4 g6 34. Qf4 h5 35. g3 Bb6 36. Bd4 Qa7 37. Bc3 Qd7 38. Kh2 Qd5 39. Be4 Qd1 0-1

[Event "Guelph op"]
[Site "Guelph"]
[Date "2002.08.09"]
[Round "5"]
[White "Pushkedra, Frank"]
[Black "Cummings, David H"]
[Result "1/2-1/2"]
[WhiteElo "2293"]
[BlackElo "2371"]
[PlyCount "73"]
[EventDate "2002.08.07"]
[EventType "swiss"]
[EventRounds "9"]
[EventCountry "CAN"]
[SourceTitle "CBM 089 Extra"]
[Source "ChessBase"]
[SourceDate "2002.09.10"]
[SourceVersion "2"]
[SourceVersionDate "2002.09.10"]
[SourceQuality "1"]

1. e4 c5 2. Nf3 e6 3. d4 cxd4 4. Nxd4 Nc6 5. Nc3 Qc7 6. Be3 a6 7. Bd3 b5 8. 0-0 Bb7 9. Nb3 Nf6 10. f4 d6 11. Qf3 Be7 12. a4 b4 13. Ne2 Na5 14. Nxa5 Qxa5 15. Ng3 h5 16. Bd4 h4 17. Nh1 e5 18. fxe5 dxe5 19. Be3 Qc7 20. Nf2 Bc8 21. Qe2 Bc5 22. Kh1 Nh5 23. b3 Bxe3 24. Qxe3 Nf4 25. Bc4 0-0 26. Nd3 Nxd3 27. cxd3 Be6 28. h3 Qe7 29. a5 Rfd8 30. Qb6 Rab8 31. Qe3 Bxc4 32. dxc4 Rd4 33. Rf5 Rbd8 34. Raf1 f6 35. Rh5 Rd3 36. Qf2 Rd1 37. Rxd1 1/2-1/2

[Event "Guelph op"]
[Site "Guelph"]
[Date "2002.08.09"]
[Round "4"]
[White "Tyomkin, Dimitri"]
[Black "Pushkedra, Frank"]
[Result "1/2-1/2"]
[WhiteElo "2482"]
[BlackElo "2293"]
[PlyCount "37"]
[EventDate "2002.08.07"]
[EventType "swiss"]
[EventRounds "9"]
[EventCountry "CAN"]
[SourceTitle "CBM 089 Extra"]
[Source "ChessBase"]
[SourceDate "2002.09.10"]
[SourceVersion "2"]
[SourceVersionDate "2002.09.10"]
[SourceQuality "1"]

1. d4 Nf6 2. Nf3 g6 3. Bg5 Bg7 4. Nbd2 c5 5. e3 0-0 6. c3 b6 7. Bxf6 Bxf6 8. Ne4 Bg7 9. dxc5 bxc5 10. Nxc5 Qb6 11. Nb3 a5 12. a4 Na6 13. Be2 Rb8 14. Ra3 d6 15. Nfd4 Nc7 16. Nb5 Bd7 17. Nxc7 Qxc7 18. 0-0 Qb6 19. Bg4 1/2-1/2

[Event "Guelph op"]
[Site "Guelph"]
[Date "2002.08.08"]
[Round "2"]
[White "Fedorowicz, John P"]
[Black "Pushkedra, Frank"]
[Result "1/2-1/2"]
[WhiteElo "2509"]
[BlackElo "2293"]
[PlyCount "43"]
[EventDate "2002.08.07"]
[EventType "swiss"]
[EventRounds "9"]
[EventCountry "CAN"]
[SourceTitle "CBM 089 Extra"]
[Source "ChessBase"]
[SourceDate "2002.09.10"]
[SourceVersion "2"]
[SourceVersionDate "2002.09.10"]
[SourceQuality "1"]

1. d4 Nf6 2. c4 g6 3. Nc3 Bg7 4. e4 d6 5. Nf3 0-0 6. Be2 e5 7. 0-0 Nc6 8. d5 Ne7 9. b4 Ne8 10. Nd2 f5 11. c5 f4 12. Bg4 Nf6 13. Bxc8 Rxc8 14. f3 g5 15. Nc4 Ng6 16. a4 Rf7 17. Na5 Rb8 18. Ba3 Bf8 19. Rc1 Rg7 20. Rf2 g4 21. Rfc2 Nh4 22. Kh1 1/2-1/2

[Event "Guelph op"]
[Site "Guelph"]
[Date "2002.08.08"]
[Round "3"]
[White "Pushkedra, Frank"]
[Black "Predescu, Sebastian"]
[Result "1-0"]
[WhiteElo "2293"]
[BlackElo "2222"]
[PlyCount "59"]
[EventDate "2002.08.07"]
[EventType "swiss"]
[EventRounds "9"]
[EventCountry "CAN"]
[SourceTitle "CBM 089 Extra"]
[Source "ChessBase"]
[SourceDate "2002.09.10"]
[SourceVersion "2"]
[SourceVersionDate "2002.09.10"]
[SourceQuality "1"]

1. e4 c5 2. Nf3 d6 3. d4 cxd4 4. Nxd4 Nf6 5. Nc3 a6 6. Bg5 e6 7. f4 Be7 8. Qf3 Qc7 9. 0-0-0 Nbd7 10. g4 b5 11. Bxf6 Nxf6 12. g5 Nd7 13. f5 Nc5 14. f6 gxf6 15. gxf6 Bf8 16. Kb1 Bd7 17. Bh3 b4 18. Nce2 Rc8 19. Rhe1 Na4 20. Nf4 Bh6 21. Bxe6 Bxe6 22. Nfxe6 fxe6 23. Qh5+ Qf7 24. Qxh6 Rf8 25. e5 d5 26. Qh3 Nc5 27. Nb3 Ne4 28. Nd4 Nc5 29. Nf3 Rg8 30. Rxd5 1-0

[Event "CAN-ch"]
[Site "Brantford"]
[Date "1999.09.07"]
[Round "7"]
[White "Pushkedra, Frank"]
[Black "Gentes, Kevin"]
[Result "1-0"]
[WhiteElo "2345"]
[BlackElo "2325"]
[PlyCount "69"]
[EventDate "1999.08.31"]
[EventType "swiss"]
[EventRounds "9"]
[EventCountry "CAN"]
[SourceTitle "EXT 2000"]
[Source "ChessBase"]
[SourceDate "1999.11.16"]
[SourceVersion "1"]
[SourceVersionDate "1999.11.16"]
[SourceQuality "1"]

1. e4 e6 2. d4 d5 3. Nc3 Nf6 4. Bg5 Bb4 5. e5 h6 6. Bd2 Bxc3 7. bxc3 Ne4 8. Qg4 Kf8 9. Bc1 c5 10. Bd3 Qa5 11. Ne2 cxd4 12. 0-0 dxc3 13. f3 Nc5 14. f4 Nxd3 15. cxd3 Nc6 16. a4 Kg8 17. Ng3 Kh7 18. Nh5 Rg8 19. Qh4 Qc5+ 20. Kh1 Qd4 21. Qh3 Ne7 22. Nf6+ gxf6 23. f5 Rg5 24. Bxg5 fxg5 25. Qh5 Kg8 26. f6 Qh4 27. fxe7 Qxh5 28. e8Q+ Kg7 29. Rf6 Bd7 30. Qxa8 c2 31. Raf1 Qd1 32. Rxf7+ Kg6 33. Qf8 c1Q 34. R7f6+ Kh5 35. Qxh6+ 1-0

[Event "CAN-ch"]
[Site "Brantford"]
[Date "1999.09.01"]
[Round "2"]
[White "Schleifer, Michael"]
[Black "Pushkedra, Frank"]
[Result "1-0"]
[WhiteElo "2333"]
[BlackElo "2345"]
[PlyCount "81"]
[EventDate "1999.08.31"]
[EventType "swiss"]
[EventRounds "9"]
[EventCountry "CAN"]
[SourceTitle "EXT 2000"]
[Source "ChessBase"]
[SourceDate "1999.11.16"]
[SourceVersion "1"]
[SourceVersionDate "1999.11.16"]
[SourceQuality "1"]

1. d4 Nf6 2. Bg5 Ne4 3. Bh4 c5 4. dxc5 Qa5+ 5. Nd2 g6 6. c3 Nxd2 7. Qxd2 Bg7 8. e4 Nc6 9. f4 Qxc5 10. Bf2 Qa5 11. Nf3 0-0 12. Be2 d6 13. 0-0 b6 14. a4 Bg4 15. b4 Qh5 16. h3 Bxf3 17. Bxf3 Qh6 18. Be3 Qh4 19. a5 b5 20. a6 Rfe8 21. Rac1 Rac8 22. Be2 e5 23. Bxb5 exf4 24. Bxf4 Qe7 25. Bg5 f6 26. Qd5+ Kh8 27. Bxc6 fxg5 28. Rf7 Qe5 29. Qxe5 Bxe5 30. b5 Bf4 31. Rd1 Be3+ 32. Kh1 Rf8 33. Rf3 Bc5 34. Rd5 Rxf3 35. gxf3 Rc7 36. e5 Bb6 37. exd6 Rf7 38. d7 Bd8 39. b6 Rxf3 40. bxa7 Rxh3+ 41. Kg2 1-0

[Event "Financial Concept op 6th"]
[Site "North Bay"]
[Date "1999.08.07"]
[Round "8"]
[White "Pushkedra, Frank"]
[Black "Djerkovic, Miladin"]
[Result "1-0"]
[WhiteElo "2345"]
[BlackElo "2201"]
[PlyCount "85"]
[EventDate "1999.08.04"]
[EventType "swiss"]
[EventRounds "9"]
[EventCountry "CAN"]
[SourceTitle "EXT 2000"]
[Source "ChessBase"]
[SourceDate "1999.11.16"]
[SourceVersion "1"]
[SourceVersionDate "1999.11.16"]
[SourceQuality "1"]

1. e4 e5 2. Nf3 Nc6 3. Bb5 a6 4. Ba4 Nf6 5. 0-0 Be7 6. Re1 b5 7. Bb3 d6 8. c3 0-0 9. h3 Bb7 10. d4 Re8 11. Nbd2 Bf8 12. a4 h6 13. Bc2 exd4 14. cxd4 Nb4 15. Bb1 c5 16. d5 g6 17. Ra3 Nd7 18. Nh2 c4 19. Rg3 Bg7 20. Ndf3 Nc5 21. Ng4 Kh7 22. Bxh6 Bxh6 23. Nxh6 Kxh6 24. Qd2+ Kg7 25. Qxb4 Nxa4 26. Nd4 Bc8 27. Nc6 Qc7 28. b3 Nb6 29. Qc3+ Kh7 30. bxc4 Nxc4 31. Qf6 Ne5 32. f4 Nxc6 33. e5 Qe7 34. Rxg6 fxg6 35. Qxg6+ Kh8 36. Qh5+ Kg7 37. Qh7+ Kf8 38. Qh8+ Kf7 39. e6+ Bxe6 40. dxe6+ Qxe6 41. Qh7+ Kf8 42. Rxe6 Rxe6 43. Qh8+ 1-0

[Event "British CF-68 Championship"]
[Site "Morecambe/ Lancashire"]
[Date "1981.08.05"]
[Round "3"]
[White "Pushkedra, Frank"]
[Black "Wells, Peter K"]
[Result "0-1"]
[WhiteElo "2370"]
[BlackElo "2260"]
[PlyCount "74"]
[EventDate "1981.08.03"]
[EventType "swiss"]
[EventRounds "11"]
[EventCountry "ENG"]
[SourceTitle "EXT 1999"]
[Source "ChessBase"]
[SourceDate "1998.11.16"]
[SourceVersion "1"]
[SourceVersionDate "1998.11.16"]
[SourceQuality "1"]

1. e4 d6 2. d4 Nf6 3. Nc3 g6 4. f4 Bg7 5. Nf3 0-0 6. Bd3 Na6 7. 0-0 c5 8. d5 Rb8 9. Kh1 b6 10. Qe1 Nb4 11. Qh4 b5 12. a3 Nxd3 13. cxd3 Ba6 14. b4 e6 15. dxe6 fxe6 16. Bd2 Bb7 17. Rae1 a6 18. Ng5 Qd7 19. Qh3 Rbe8 20. e5 dxe5 21. fxe5 Nh5 22. Rxf8+ Rxf8 23. bxc5 Bxe5 24. Nce4 Bd5 25. Be3 Nf4 26. Bxf4 Bxf4 27. Rf1 Rf5 28. Nf3 Kg7 29. Qh4 h6 30. Nd4 g5 31. Qg4 Bxe4 32. dxe4 Rf6 33. Rd1 Be5 34. Nb3 Qf7 35. Qe2 Rf2 36. Qe1 Qf4 37. g3 Qf3+ 0-1

[Event "British CF-68 Championship"]
[Site "Morecambe/ Lancashire"]
[Date "1981.08.03"]
[Round "1"]
[White "Pushkedra, Frank"]
[Black "Norman, Kenneth I"]
[Result "1/2-1/2"]
[WhiteElo "2370"]
[BlackElo "2235"]
[PlyCount "67"]
[EventDate "1981.08.03"]
[EventType "swiss"]
[EventRounds "11"]
[EventCountry "ENG"]
[SourceTitle "EXT 1999"]
[Source "ChessBase"]
[SourceDate "1998.11.16"]
[SourceVersion "1"]
[SourceVersionDate "1998.11.16"]
[SourceQuality "1"]

1. e4 e5 2. Nf3 Nc6 3. Bb5 a6 4. Ba4 d6 5. Bxc6+ bxc6 6. d4 exd4 7. Nxd4 c5 8. Ne2 Bb7 9. Nbc3 g6 10. 0-0 Bg7 11. Ng3 Ne7 12. Bf4 0-0 13. Qd2 Qd7 14. Bh6 f5 15. Bxg7 Kxg7 16. exf5 Nxf5 17. Nd5 Bxd5 18. Qxd5 Nxg3 19. hxg3 Rae8 20. Rae1 Qb5 21. b3 Rf5 22. Qd2 Rfe5 23. Rxe5 Rxe5 24. c4 Qb4 25. Qb2 Kg8 26. a3 Qb8 27. b4 cxb4 28. axb4 a5 29. b5 Qa7 30. Qb3 Qc5 31. Qa2 Re4 32. Qxa5 Rxc4 33. Qa8+ Kg7 34. Qe8 1/2-1/2

[Event "Toronto op"]
[Site "Toronto"]
[Date "1979.04.15"]
[Round "5"]
[White "Pushkedra, Frank"]
[Black "Vranesic, Zvonko"]
[Result "0-1"]
[WhiteElo "2241"]
[BlackElo "2252"]
[PlyCount "64"]
[EventDate "1979.04.13"]
[EventType "swiss"]
[EventRounds "6"]
[EventCountry "CAN"]
[SourceTitle "EXT 2022"]
[Source "ChessBase"]
[SourceDate "2021.10.06"]
[SourceVersion "1"]
[SourceVersionDate "2021.10.06"]
[SourceQuality "1"]

1. e4 c5 2. Nf3 e6 3. d4 cxd4 4. Nxd4 a6 5. Nc3 Qc7 6. g3 Nf6 7. Bg2 d6 8. 0-0 Be7 9. f4 0-0 10. g4 Nc6 11. Nxc6 bxc6 12. g5 Nd7 13. f5 exf5 14. exf5 d5 15. Qh5 Ne5 16. f6 Bd6 17. fxg7 Re8 18. h3 Ng6 19. Bd2 Rb8 20. Rae1 Rxe1 21. Rxe1 Bf5 22. Nd1 Bxc2 23. Ne3 Nf4 24. Qh6 Bc5 25. Bf3 Re8 26. Kh1 Bxe3 27. Rxe3 Rxe3 28. Bxe3 Ng6 29. Qh5 Qe5 30. Bg1 Bf5 31. b3 Qg3 32. Bg2 Qxg2+ 0-1